| 000 | 00555nam a2200181Ia 4500 | ||
|---|---|---|---|
| 003 | GCL | ||
| 008 | 140319s9999 xx 000 0 ara d | ||
| 040 |
_aGCL / _cGCL |
||
| 082 | 0 | 4 |
_a811.082 _bا ش |
| 100 | 1 | _aاسامة عبدالرحمن | |
| 245 | 1 | 0 |
_aشعار: ملحمة تصور جزءا من الهم العربى الكبير / _cاسامة عبدالرحمن |
| 260 |
_a[S.N] : _bدار الشباب للنشر ، _c1986 |
||
| 300 | _a32 ص | ||
| 490 | _a | ||
| 650 | 0 | 4 | _aالشعر القومى |
| 650 | 0 | 4 | _aالشعر |
| 942 |
_2ddc _cBK |
||
| 999 |
_c40425 _d40425 |
||